Normal view
MARC view
- SANNAN, MUHAMMAD
Entry Personal Name
001 - CONTROL NUMBER
- control field: 97545
003 - CONTROL NUMBER IDENTIFIER
- control field: NUST
005 - DATE AND TIME OF LATEST TRANSACTION
- control field: 20220817095524.0
008 - FIXED-LENGTH DATA ELEMENTS
- fixed length control field: 220817|| aca||aabn | a|a d
040 ## - CATALOGING SOURCE
- Original cataloging agency: NUST
- Transcribing agency: NUST
100 ## - HEADING--PERSONAL NAME
- Personal name: SANNAN, MUHAMMAD
670 ## - SOURCE DATA FOUND
- Source citation: Work cat.: (NUST): SANNAN, MUHAMMAD, Devising an efficient routing protocol for opportunistic networks (VDTN) /
